| 000 | 00373nam a22001457a 4500 | ||
|---|---|---|---|
| 020 | _a978-969820-600-0 | ||
| 082 | _a891.4391 SAQ | ||
| 100 | _aAbdul Rasheed Bhatti Saqi | ||
| 245 | _aChasm-e-Nazara Talab (Urdu) | ||
| 260 |
_aIslamabad _bPaper Communication System _c2013 |
||
| 300 |
_a400 p. _bill. ; |
||
| 500 | _aIncludes index | ||
| 650 | _aUrdu--Poetry | ||
| 942 | _cBK | ||
| 999 |
_c12750 _d12750 |
||